¿Por qué parece imposible reformar el sistema escolar francés? (Record no. 127703)
[ view plain ]
| 000 -CABECERA | |
|---|---|
| campo de control de longitud fija | 00572nab a2200193 a 4500 |
| 005 - FECHA Y HORA DE LA ÚLTIMA TRANSACCIÓN | |
| campo de control | 20210219155950.0 |
| 008 - ELEMENTOS DE LONGITUD FIJA--INFORMACIÓN GENERAL | |
| campo de control de longitud fija | 991125s1985 mx 000 0 spa u |
| 035 ## - NÚMERO DE CONTROL DEL SISTEMA | |
| Número de control de sistema | UPN01000155588 |
| 100 1# - ASIENTO PRINCIPAL--NOMBRE PERSONAL | |
| Nombre de persona | Dubet, Francois |
| 222 ## - TÍTULO CLAVE | |
| Título clave | REVISTA MEXICANA DE INVESTIGACION EDUCATIVA |
| 245 ## - MENCIÓN DE TÍTULO | |
| Título | ¿Por qué parece imposible reformar el sistema escolar francés? |
| 300 ## - DESCRIPCIÓN FÍSICA | |
| Extensión | 109-126 |
| 362 0# - FECHAS DE PUBLICACIÓN Y/O DESIGNACIÓN SECUENCIAL | |
| Fecha de publicación y/o designación secuencial | 2007 Vol. 12, no. 32(1), ene.-mar. |
| 653 0# - TERMINO DE INDIZACION - NO CONTROLADO | |
| Término no controlado | REFORMA EDUCATIVA |
| 653 0# - TERMINO DE INDIZACION - NO CONTROLADO | |
| Término no controlado | MOVIMIENTO MAGISTERIAL |
| 653 0# - TERMINO DE INDIZACION - NO CONTROLADO | |
| Término no controlado | VOCACION |
| 653 0# - TERMINO DE INDIZACION - NO CONTROLADO | |
| Término no controlado | SOCIALIZACION |
| 905 ## - TIPO DE MATERIAL | |
| Tipo de material | Articulo |
No items available.
